[Event "Pozarevac Rudar IM 10"]
[Site "Pozarevac"]
[Date "2024.11.03"]
[Round "6"]
[White "Enkhrii, Enkh Amgalan"]
[Black "Mahitosh, Dey"]
[Result "0-1"]
[WhiteElo "2072"]
[BlackElo "2220"]
[PlyCount "86"]
[EventDate "2024.10.29"]
[EventType "tourn"]
[EventRounds "9"]
[EventCountry "SRB"]
[SourceTitle "CB45_2024"]
[Source "ChessBase"]
[SourceDate "2024.11.06"]
[SourceVersion "1"]
[SourceVersionDate "2024.11.06"]
[SourceQuality "1"]

1. d4 Nf6 2. c4 g6 3. Nc3 Bg7 4. e4 d6 5. Nf3 0-0 6. Be2 e5 7. 0-0 Nc6 8. d5 Ne7 9. Ne1 Nd7 10. Be3 f5 11. f3 f4 12. Bf2 g5 13. Nd3 h5 14. c5 Nf6 15. Rc1 Ng6 16. h3 Rf7 17. Re1 Bh6 18. cxd6 cxd6 19. Rc2 Rg7 20. Nb5 Nf8 21. Qc1 g4 22. hxg4 hxg4 23. Nxd6 g3 24. Nxc8 gxf2+ 25. Nxf2 Ng6 26. d6 Nh4 27. Ng4 Nxg4 28. fxg4 Nxg2 29. Kxg2 f3+ 30. Bxf3 Bxc1 31. Rexc1 Qh4 32. Ne7+ Kf7 33. Rf2 Ke6 34. Rh1 Qg5 35. Bd1 Kxd6 36. Nf5+ Kc5 37. Rc2+ Kb6 38. Rh6+ Rg6 39. Rh3 a6 40. Ne3 Ka7 41. Nd5 Rh6 42. Rh4 Rh5 43. Rxh5 Qg6 0-1

[Event "Swiss Queens Wed #38"]
[Site "FIDE Online Arena INT"]
[Date "2024.10.16"]
[Round "5"]
[White "Peycheva, Gergana"]
[Black "Enkhrii, Enkh Amgalan"]
[Result "0-1"]
[WhiteElo "2212"]
[BlackElo "2072"]
[PlyCount "48"]
[EventDate "2024.10.16"]
[EventType "swiss (blitz)"]
[EventRounds "11"]
[EventCountry "NET"]
[SourceTitle "CB43_2024"]
[Source "Chessbase"]
[SourceDate "2024.10.23"]
[SourceVersion "1"]
[SourceVersionDate "2024.10.23"]
[SourceQuality "1"]

1. d4 d5 2. c4 e6 3. Nc3 Nf6 4. cxd5 exd5 5. Bg5 c6 6. e3 Be7 7. Bd3 0-0 8. Qc2 Nbd7 9. Nf3 Re8 10. 0-0 Nf8 11. h3 Nh5 12. Bxe7 Qxe7 13. e4 dxe4 14. Nxe4 Nf4 15. Rfe1 Be6 16. Bc4 Bf5 17. Ne5 N8e6 18. Qd2 Bxe4 19. Rxe4 Qg5 20. Kf1 Qxg2+ 21. Ke1 Qxe4+ 22. Kd1 Rad8 23. Qe3 Rxd4+ 24. Kc1 Rxc4+ 0-1

[Event "Swiss Queens Wed #38"]
[Site "FIDE Online Arena INT"]
[Date "2024.10.16"]
[Round "4"]
[White "Yushko, Olga"]
[Black "Enkhrii, Enkh Amgalan"]
[Result "0-1"]
[WhiteElo "2034"]
[BlackElo "2072"]
[PlyCount "90"]
[EventDate "2024.10.16"]
[EventType "swiss (blitz)"]
[EventRounds "11"]
[EventCountry "NET"]
[SourceTitle "CB43_2024"]
[Source "Chessbase"]
[SourceDate "2024.10.23"]
[SourceVersion "1"]
[SourceVersionDate "2024.10.23"]
[SourceQuality "1"]

1. d4 d5 2. c4 e6 3. cxd5 exd5 4. Nc3 Nf6 5. Bg5 c6 6. e3 Be7 7. Bd3 0-0 8. Nge2 Nbd7 9. 0-0 Re8 10. Re1 Nf8 11. Rb1 Ne6 12. Bh4 Nh5 13. Bxe7 Qxe7 14. b4 a6 15. a4 Bd7 16. b5 axb5 17. axb5 Nf6 18. Ng3 g6 19. bxc6 bxc6 20. Rb7 Reb8 21. Qb3 Rxb7 22. Qxb7 Qa3 23. h4 Nd8 24. Qc7 Qxc3 25. Rd1 Qa5 26. Qd6 Kg7 27. h5 Be6 28. Qe5 h6 29. hxg6 fxg6 30. Ne2 Qa7 31. Qg3 Bf7 32. Nf4 g5 33. Nh3 Qb8 34. Qf3 g4 35. Qf5 gxh3 36. gxh3 Qc8 37. Qf3 Bh5 38. Qg3+ Kf7 39. Rb1 Ne6 40. Qd6 Qd7 41. Qe5 Rg8+ 42. Kf1 Qc7 43. Qf5 Bg6 44. Qf3 Bxd3+ 45. Ke1 Rg1+ 0-1

[Event "Swiss Queens Wed #37"]
[Site "FIDE Online Arena INT"]
[Date "2024.10.09"]
[Round "2"]
[White "Enkhrii, Enkh Amgalan"]
[Black "Djerroud, Chahrazed"]
[Result "1-0"]
[WhiteElo "2072"]
[BlackElo "1889"]
[PlyCount "99"]
[EventDate "2024.10.09"]
[EventType "swiss (blitz)"]
[EventRounds "11"]
[EventCountry "NET"]
[SourceTitle "CB42_2024"]
[Source "ChessBase"]
[SourceDate "2024.10.16"]
[SourceVersion "1"]
[SourceVersionDate "2024.10.16"]
[SourceQuality "1"]

1. d4 Nf6 2. c4 g6 3. Nc3 Bg7 4. e4 0-0 5. Nf3 d6 6. Be2 e5 7. 0-0 Nc6 8. d5 Ne7 9. Be3 Ng4 10. Rc1 f5 11. Ne1 Nf6 12. f3 f4 13. Bf2 g5 14. c5 Ng6 15. Nd3 h5 16. cxd6 cxd6 17. h3 Bd7 18. Qb3 Rf7 19. Nb5 Bxb5 20. Qxb5 g4 21. fxg4 hxg4 22. Bxg4 Nxe4 23. Be6 Qf6 24. Qxb7 Raf8 25. Rc7 Ng5 26. Bxf7+ Rxf7 27. Rxf7 Nxf7 28. Bxa7 e4 29. Nf2 Nh4 30. Ng4 Ne5 31. Nxf6+ Bxf6 32. Qc8+ Kg7 33. Qc7+ Nf7 34. Rxf4 Ng6 35. Rxf6 Kxf6 36. Bd4+ Nfe5 37. Bxe5+ Nxe5 38. Qxd6+ Kf5 39. Qxe5+ Kxe5 40. Kf2 Kxd5 41. Ke3 Ke5 42. h4 Kf5 43. h5 Kg5 44. Kxe4 Kxh5 45. b4 Kg4 46. b5 Kg3 47. b6 Kxg2 48. b7 Kf2 49. b8Q Ke2 50. Qb2+ 1-0

[Event "Swiss Queens Wed #37"]
[Site "FIDE Online Arena INT"]
[Date "2024.10.09"]
[Round "4"]
[White "Enkhrii, Enkh Amgalan"]
[Black "February, Jesse Nikki"]
[Result "1-0"]
[WhiteElo "2072"]
[BlackElo "2038"]
[PlyCount "101"]
[EventDate "2024.10.09"]
[EventType "swiss (blitz)"]
[EventRounds "11"]
[EventCountry "NET"]
[SourceTitle "CB42_2024"]
[Source "ChessBase"]
[SourceDate "2024.10.16"]
[SourceVersion "1"]
[SourceVersionDate "2024.10.16"]
[SourceQuality "1"]

1. d4 d5 2. c4 e6 3. Nc3 a6 4. g3 Nf6 5. Bg2 c6 6. c5 b6 7. cxb6 Qxb6 8. Nf3 Nbd7 9. 0-0 Bd6 10. Na4 Qc7 11. Bd2 0-0 12. Rc1 Ne4 13. Be1 Bb7 14. b4 Rfc8 15. a3 e5 16. dxe5 Nxe5 17. Nd4 a5 18. Bxe4 dxe4 19. Nb5 cxb5 20. Rxc7 Bxc7 21. Nc5 Bc6 22. Qb1 Nc4 23. Nxe4 Re8 24. f3 Ne3 25. Qc1 Bxe4 26. fxe4 Bb6 27. Bf2 Rxe4 28. Qc6 Rae8 29. Qxb6 Ng4 30. Bc5 Nh6 31. Qxb5 Rxe2 32. bxa5 Ng4 33. Qc4 Nf6 34. a6 Rb2 35. a7 h6 36. Qa6 Ree2 37. a8Q+ Kh7 38. Bf2 Rec2 39. Qf3 Rd2 40. Qf5+ g6 41. Qfxf6 Rd7 42. Qac6 Rbb7 43. Qfd6 h5 44. Qcxd7 Rxd7 45. Qxd7 Kg7 46. Bd4+ Kh7 47. Qxf7+ Kh6 48. Qg7+ Kg5 49. Be3+ Kg4 50. Rf4+ Kh3 51. Rh4# 1-0

[Event "Swiss Queens Wed #37"]
[Site "FIDE Online Arena INT"]
[Date "2024.10.09"]
[Round "9"]
[White "Enkhrii, Enkh Amgalan"]
[Black "Mikhaylova, Irina"]
[Result "0-1"]
[WhiteElo "2072"]
[BlackElo "2156"]
[PlyCount "50"]
[EventDate "2024.10.09"]
[EventType "swiss (blitz)"]
[EventRounds "11"]
[EventCountry "NET"]
[SourceTitle "CB42_2024"]
[Source "ChessBase"]
[SourceDate "2024.10.16"]
[SourceVersion "1"]
[SourceVersionDate "2024.10.16"]
[SourceQuality "1"]

1. e4 c5 2. Nf3 Nc6 3. d4 cxd4 4. Nxd4 e5 5. Nb5 d6 6. Bc4 Be7 7. 0-0 Be6 8. Bxe6 fxe6 9. a4 Nf6 10. Re1 0-0 11. c4 a6 12. N5c3 Nd4 13. Be3 Qb6 14. a5 Qxb2 15. Ra2 Qb3 16. Bxd4 Qxd1 17. Rxd1 exd4 18. Rxd4 Rac8 19. Na3 Rc7 20. Na4 Ng4 21. h3 Ne5 22. Kf1 Nc6 23. Rd1 Nxa5 24. c5 dxc5 25. e5 c4 0-1

[Event "Swiss Queens Wed #37"]
[Site "FIDE Online Arena INT"]
[Date "2024.10.09"]
[Round "8"]
[White "Enkhrii, Enkh Amgalan"]
[Black "Vidruska, Renate"]
[Result "1-0"]
[WhiteElo "2072"]
[BlackElo "2034"]
[PlyCount "65"]
[EventDate "2024.10.09"]
[EventType "swiss (blitz)"]
[EventRounds "11"]
[EventCountry "NET"]
[SourceTitle "CB42_2024"]
[Source "ChessBase"]
[SourceDate "2024.10.16"]
[SourceVersion "1"]
[SourceVersionDate "2024.10.16"]
[SourceQuality "1"]

1. e4 e5 2. Nf3 Nf6 3. Nxe5 d6 4. Nf3 Nxe4 5. d4 d5 6. Bd3 Bd6 7. 0-0 0-0 8. c4 c6 9. Nc3 Nxc3 10. bxc3 dxc4 11. Bxc4 Bg4 12. Rb1 b5 13. Bd3 Nd7 14. h3 Bh5 15. Be4 Rc8 16. Qd3 Bg6 17. Ng5 Nf6 18. Bxg6 hxg6 19. f4 a6 20. f5 gxf5 21. Rxf5 g6 22. Rf1 Nh7 23. Ne4 Be7 24. Bh6 Re8 25. Qf3 f5 26. Qg3 Kf7 27. Rxf5+ gxf5 28. Qg7+ Ke6 29. Nc5+ Bxc5 30. Re1+ Kd5 31. Qf7+ Kd6 32. Bf4+ Re5 33. Bxe5# 1-0

[Event "Swiss Queens Wed #37"]
[Site "FIDE Online Arena INT"]
[Date "2024.10.09"]
[Round "6"]
[White "Enkhrii, Enkh Amgalan"]
[Black "Zaksaite, Salomeja"]
[Result "0-1"]
[WhiteElo "2072"]
[BlackElo "2157"]
[PlyCount "48"]
[EventDate "2024.10.09"]
[EventType "swiss (blitz)"]
[EventRounds "11"]
[EventCountry "NET"]
[SourceTitle "CB42_2024"]
[Source "ChessBase"]
[SourceDate "2024.10.16"]
[SourceVersion "1"]
[SourceVersionDate "2024.10.16"]
[SourceQuality "1"]

1. e4 Nf6 2. e5 Nd5 3. d4 d6 4. Nf3 dxe5 5. Nxe5 c6 6. Bd3 g6 7. 0-0 Bg7 8. c3 Nd7 9. Nxd7 Bxd7 10. Bg5 0-0 11. Nd2 Qc7 12. Re1 e5 13. dxe5 Bxe5 14. Nf3 Bg7 15. Be4 Be6 16. Qc2 h6 17. Bh4 Rfe8 18. Re2 f5 19. Bxd5 Bxd5 20. Bg3 f4 21. Rxe8+ Rxe8 22. Qxg6 Bf7 23. Qg4 fxg3 24. hxg3 Qc8 0-1

[Event "Swiss Queens Wed #37"]
[Site "FIDE Online Arena INT"]
[Date "2024.10.09"]
[Round "10"]
[White "Yushko, Olga"]
[Black "Enkhrii, Enkh Amgalan"]
[Result "1/2-1/2"]
[WhiteElo "2034"]
[BlackElo "2072"]
[PlyCount "113"]
[EventDate "2024.10.09"]
[EventType "swiss (blitz)"]
[EventRounds "11"]
[EventCountry "NET"]
[SourceTitle "CB42_2024"]
[Source "ChessBase"]
[SourceDate "2024.10.16"]
[SourceVersion "1"]
[SourceVersionDate "2024.10.16"]
[SourceQuality "1"]

1. d4 Nf6 2. c4 g6 3. Nc3 d5 4. Bd2 Bg7 5. cxd5 Nxd5 6. e3 0-0 7. Nf3 c5 8. Bc4 Nxc3 9. Bxc3 Bg4 10. 0-0 cxd4 11. exd4 Nc6 12. h3 Bxf3 13. Qxf3 Nxd4 14. Qxb7 Qc8 15. Qxc8 Raxc8 16. Ba6 Rc6 17. Bb7 Rb6 18. Be4 Ne2+ 19. Kh2 Nxc3 20. bxc3 Bxc3 21. Rac1 Be5+ 22. f4 Bd6 23. Rc2 Rb4 24. Re2 Rc8 25. g3 Rc3 26. Bd5 Kg7 27. Bb3 a5 28. Rfe1 g5 29. Re4 gxf4 30. gxf4 Bxf4+ 31. Kg2 Rg3+ 32. Kf2 Rxh3 33. Rxe7 Bg3+ 34. Kg2 Bxe1 35. Kxh3 Rf4 36. Rxe1 h5 37. Kg3 Rb4 38. Re5 a4 39. Bd1 Rb2 40. Bxh5 Rxa2 41. Re7 Ra3+ 42. Kf4 Kf6 43. Rxf7+ Ke6 44. Ra7 Ra1 45. Ke4 Re1+ 46. Kd4 Rh1 47. Bg4+ Kf6 48. Bf3 Rh4+ 49. Be4 Rf4 50. Ra6+ Kg5 51. Rg6+ Kh5 52. Ke3 Rxe4+ 53. Kxe4 Kxg6 54. Kd4 a3 55. Kc3 a2 56. Kb2 a1Q+ 57. Kxa1 1/2-1/2

[Event "Titled Tuesday intern op 24th Sep Early"]
[Site "Chess.com INT"]
[Date "2024.09.24"]
[Round "11"]
[White "Enkhrii, Enkh Amgalan"]
[Black "Parfenov, Viktor N"]
[Result "1-0"]
[WhiteElo "2072"]
[BlackElo "2193"]
[PlyCount "61"]
[EventDate "2024.09.24"]
[EventType "swiss (blitz)"]
[EventRounds "11"]
[EventCountry "USA"]
[SourceTitle "EXT 2025"]
[Source "ChessBase"]
[SourceDate "2024.10.14"]
[SourceVersion "1"]
[SourceVersionDate "2024.10.14"]
[SourceQuality "1"]

1. e4 e5 2. Nf3 Nc6 3. Bb5 a6 4. Ba4 Nf6 5. 0-0 Be7 6. Re1 b5 7. Bb3 0-0 8. a4 d5 9. exd5 Nd4 10. c3 Nxb3 11. Qxb3 e4 12. Nd4 Bb7 13. axb5 Bxd5 14. c4 Bb7 15. bxa6 Rxa6 16. Rxa6 Bxa6 17. Nc6 Qd6 18. Nxe7+ Qxe7 19. Nc3 Qc5 20. Nxe4 Qxc4 21. Qxc4 Bxc4 22. Nxf6+ gxf6 23. f3 Ra8 24. Re7 Ra1 25. Re1 Bd3 26. Kf2 c5 27. Ke3 c4 28. b3 cxb3 29. Kxd3 b2 30. Re8+ Kg7 31. Bxb2 1-0

[Event "Titled Tuesday intern op 17th Sep Early"]
[Site "Chess,com INT"]
[Date "2024.09.17"]
[Round "3"]
[White "Enkhrii, Enkh Amgalan"]
[Black "Arun, Kataria"]
[Result "1-0"]
[WhiteElo "2072"]
[BlackElo "2384"]
[PlyCount "57"]
[EventDate "2024.09.17"]
[EventType "swiss (blitz)"]
[EventRounds "11"]
[EventCountry "USA"]
[SourceTitle "EXT 2025"]
[Source "ChessBase"]
[SourceDate "2024.10.14"]
[SourceVersion "1"]
[SourceVersionDate "2024.10.14"]
[SourceQuality "1"]

1. e4 e5 2. Nf3 d6 3. d4 exd4 4. Nxd4 Nf6 5. Nc3 Be7 6. Bc4 0-0 7. 0-0 Re8 8. Re1 Bf8 9. Bg5 Nbd7 10. Nd5 c6 11. Nxf6+ Nxf6 12. Qf3 h6 13. Bh4 g5 14. Bg3 Bg4 15. Qd3 Bg7 16. h3 Bc8 17. Rad1 Nh5 18. Qf3 Nxg3 19. Bxf7+ Kh8 20. Bxe8 Qxe8 21. Qxg3 Be5 22. Qb3 Qg6 23. Nf3 Bg7 24. Qd3 Qh5 25. Qxd6 g4 26. hxg4 Bxg4 27. Rd3 Rf8 28. Nh2 Be5 29. Qxf8+ 1-0

[Event "Titled Tuesday intern op 10th Sep Early"]
[Site "Chess,com INT"]
[Date "2024.09.10"]
[Round "7"]
[White "Enkhrii, Enkh Amgalan"]
[Black "Shishkov, Andrei"]
[Result "0-1"]
[WhiteElo "2072"]
[BlackElo "2340"]
[PlyCount "54"]
[EventDate "2024.09.10"]
[EventType "swiss (blitz)"]
[EventRounds "11"]
[EventCountry "USA"]
[SourceTitle "EXT 2025"]
[Source "ChessBase"]
[SourceDate "2024.10.14"]
[SourceVersion "1"]
[SourceVersionDate "2024.10.14"]
[SourceQuality "1"]

1. e4 d5 2. exd5 Nf6 3. d4 Nxd5 4. Nf3 Bg4 5. Be2 Nc6 6. 0-0 e6 7. Re1 Be7 8. c4 Nb6 9. c5 Nd5 10. Nc3 0-0 11. h3 Bh5 12. Nd2 Bg6 13. Nxd5 Qxd5 14. Nb3 Be4 15. Bf1 Rad8 16. Be3 Bf6 17. Re2 Nxd4 18. Rd2 e5 19. f4 Qe6 20. Nxd4 exd4 21. Bxd4 Qf5 22. g3 Rxd4 23. Rxd4 Qxc5 24. Rc1 Qxd4+ 25. Qxd4 Bxd4+ 26. Kh2 c5 27. b4 b6 0-1

[Event "Titled Tuesday intern op 10th Sep Early"]
[Site "Chess,com INT"]
[Date "2024.09.10"]
[Round "9"]
[White "Zampronha, Wladimir Camilo"]
[Black "Enkhrii, Enkh Amgalan"]
[Result "1-0"]
[WhiteElo "2119"]
[BlackElo "2072"]
[PlyCount "41"]
[EventDate "2024.09.10"]
[EventType "swiss (blitz)"]
[EventRounds "11"]
[EventCountry "USA"]
[SourceTitle "EXT 2025"]
[Source "ChessBase"]
[SourceDate "2024.10.14"]
[SourceVersion "1"]
[SourceVersionDate "2024.10.14"]
[SourceQuality "1"]

1. e4 e5 2. Nf3 Nc6 3. d4 exd4 4. Nxd4 Nf6 5. Nxc6 bxc6 6. e5 Qe7 7. Qe2 Nd5 8. c4 Ba6 9. b3 f6 10. g3 fxe5 11. Bg2 Nf6 12. Bb2 Qe6 13. Qxe5 Qxe5+ 14. Bxe5 0-0-0 15. Bxf6 gxf6 16. 0-0 Bb4 17. Rd1 d5 18. cxd5 Rhe8 19. a3 Be2 20. Rc1 Bd2 21. Nxd2 1-0

[Event "Titled Tuesday intern op 03rd Sep Early"]
[Site "Chess.com INT"]
[Date "2024.09.03"]
[Round "1"]
[White "Grochal, Joey"]
[Black "Enkhrii, Enkh Amgalan"]
[Result "0-1"]
[WhiteElo "2269"]
[BlackElo "2072"]
[PlyCount "90"]
[EventDate "2024.09.03"]
[EventType "swiss (blitz)"]
[EventRounds "11"]
[EventCountry "USA"]
[SourceTitle "EXT 2025"]
[Source "ChessBase"]
[SourceDate "2024.10.14"]
[SourceVersion "1"]
[SourceVersionDate "2024.10.14"]
[SourceQuality "1"]

1. e4 e5 2. Nf3 Nc6 3. Bb5 a6 4. Ba4 Nf6 5. 0-0 Be7 6. Re1 b5 7. Bb3 d6 8. c3 0-0 9. h3 Na5 10. Bc2 c5 11. d4 Qc7 12. Nbd2 cxd4 13. cxd4 Nc6 14. d5 Nb4 15. Bb1 a5 16. a3 Na6 17. Nf1 Nc5 18. Ng3 a4 19. Bc2 Bd7 20. Be3 Rfc8 21. Rc1 Qb7 22. Qd2 Bd8 23. Red1 Ba5 24. Qe2 b4 25. Nh4 g6 26. Bg5 Ne8 27. Qf3 Bd8 28. Bxd8 Rxd8 29. Qe3 Nb3 30. Bxb3 axb3 31. axb4 Qxb4 32. Qh6 Rdc8 33. Ngf5 gxf5 34. Nxf5 Bxf5 35. exf5 Qf4 36. Rxc8 Rxc8 37. Qh5 Nf6 38. Qe2 Rc2 39. Qe1 Ne4 40. f3 Qg3 41. Qf1 Nf2 42. Ra1 Nxh3+ 43. Kh1 Nf4 44. f6 h6 45. Ra3 Rxg2 0-1

[Event "Titled Tuesday intern op 03rd Sep Early"]
[Site "Chess.com INT"]
[Date "2024.09.03"]
[Round "9"]
[White "Karas, Marek"]
[Black "Enkhrii, Enkh Amgalan"]
[Result "1-0"]
[WhiteElo "2161"]
[BlackElo "2072"]
[PlyCount "119"]
[EventDate "2024.09.03"]
[EventType "swiss (blitz)"]
[EventRounds "11"]
[EventCountry "USA"]
[SourceTitle "EXT 2025"]
[Source "ChessBase"]
[SourceDate "2024.10.14"]
[SourceVersion "1"]
[SourceVersionDate "2024.10.14"]
[SourceQuality "1"]

1. e4 e5 2. Nf3 Nc6 3. Nc3 Nf6 4. d4 exd4 5. Nxd4 Bb4 6. Nxc6 bxc6 7. Bd3 d5 8. exd5 cxd5 9. 0-0 0-0 10. h3 c6 11. Qf3 Be6 12. Ne2 c5 13. c3 Ba5 14. Bg5 Bc7 15. Rad1 Rb8 16. b3 Qd6 17. Bf4 Qc6 18. c4 Rbc8 19. Bxc7 Rxc7 20. cxd5 Bxd5 21. Qg3 Re7 22. Nf4 Be4 23. Bc4 g6 24. f3 Bf5 25. Rfe1 Rfe8 26. Rxe7 Rxe7 27. Re1 Qd6 28. Rxe7 Qxe7 29. Kh2 Qe3 30. h4 Kg7 31. h5 h6 32. hxg6 fxg6 33. Nd5 Nxd5 34. Bxd5 Kf6 35. Qd6+ Kg5 36. Qg3+ Kf6 37. Qb8 Qe5+ 38. Qxe5+ Kxe5 39. Bf7 Bb1 40. a3 Kd4 41. Kg3 Kc3 42. Kf4 Bc2 43. Ke5 Bxb3 44. Bxg6 Bg8 45. f4 Kb2 46. Kf6 c4 47. Kg7 Bd5 48. g3 c3 49. Kxh6 c2 50. Bxc2 Kxc2 51. f5 Kd3 52. g4 Ke4 53. Kg5 Ke5 54. f6 Ke6 55. Kg6 Ke5 56. g5 Kf4 57. Kh6 Kf5 58. Kh5 Bf7+ 59. Kh6 a5 60. a4 1-0

[Event "Titled Tuesday intern op 27th Aug Early"]
[Site "Chess.com INT"]
[Date "2024.08.27"]
[Round "5"]
[White "Asish, Panda"]
[Black "Enkhrii, Enkh Amgalan"]
[Result "0-1"]
[WhiteElo "1903"]
[BlackElo "2072"]
[PlyCount "70"]
[EventDate "2024.08.27"]
[EventType "swiss (blitz)"]
[EventRounds "11"]
[EventCountry "USA"]
[SourceTitle "EXT 2025"]
[Source "ChessBase"]
[SourceDate "2024.10.14"]
[SourceVersion "1"]
[SourceVersionDate "2024.10.14"]
[SourceQuality "1"]

1. e4 e5 2. Nf3 Nc6 3. Bc4 Nf6 4. d3 Be7 5. c3 0-0 6. Nbd2 d6 7. h3 Na5 8. Bb5 a6 9. Ba4 b5 10. Bc2 c5 11. Nf1 Nc6 12. Ng3 g6 13. Bh6 Re8 14. Qd2 d5 15. exd5 Nxd5 16. Bb3 Bf6 17. Ne4 Be7 18. h4 Bf5 19. Nfg5 f6 20. Nf3 Na5 21. Bc2 Bxe4 22. dxe4 Nb6 23. Qe2 Nbc4 24. Bd3 Nxb2 25. Bxb5 axb5 26. Qxb2 Qd3 27. Rd1 Qxe4+ 28. Kf1 Rad8 29. Rxd8 Rxd8 30. Kg1 Qc4 31. Nd2 Qe2 32. Qa3 Nc4 33. Nxc4 Qxc4 34. Qa7 Rd1+ 35. Kh2 Qxh4# 0-1

[Event "Titled Tuesday intern op 27th Aug Early"]
[Site "Chess.com INT"]
[Date "2024.08.27"]
[Round "2"]
[White "Enkhrii, Enkh Amgalan"]
[Black "Sreyas, Payyappat"]
[Result "0-1"]
[WhiteElo "2072"]
[BlackElo "2084"]
[PlyCount "42"]
[EventDate "2024.08.27"]
[EventType "swiss (blitz)"]
[EventRounds "11"]
[EventCountry "USA"]
[SourceTitle "EXT 2025"]
[Source "ChessBase"]
[SourceDate "2024.10.14"]
[SourceVersion "1"]
[SourceVersionDate "2024.10.14"]
[SourceQuality "1"]

1. e4 c6 2. d4 d5 3. Nc3 dxe4 4. Nxe4 Nf6 5. Nxf6+ exf6 6. c3 Bd6 7. Bd3 0-0 8. Qc2 Re8+ 9. Ne2 h5 10. Be3 Nd7 11. 0-0-0 Nf8 12. h3 Be6 13. Kb1 b5 14. Rhe1 a5 15. Be4 Qc8 16. Nc1 b4 17. f3 f5 18. Bd3 bxc3 19. bxc3 Rb8+ 20. Ka1 Ba3 21. Nb3 a4 0-1

[Event "Titled Tuesday intern op 27th Aug Early"]
[Site "Chess.com INT"]
[Date "2024.08.27"]
[Round "7"]
[White "Pham, Le Thao Nguyen"]
[Black "Enkhrii, Enkh Amgalan"]
[Result "1-0"]
[WhiteElo "2395"]
[BlackElo "2072"]
[PlyCount "101"]
[EventDate "2024.08.27"]
[EventType "swiss (blitz)"]
[EventRounds "11"]
[EventCountry "USA"]
[SourceTitle "EXT 2025"]
[Source "ChessBase"]
[SourceDate "2024.10.14"]
[SourceVersion "1"]
[SourceVersionDate "2024.10.14"]
[SourceQuality "1"]

1. d4 d5 2. Nf3 Nf6 3. Bf4 g6 4. e3 c6 5. h3 Nbd7 6. c4 Bg7 7. Nc3 0-0 8. cxd5 Nxd5 9. Nxd5 cxd5 10. Bd3 Qa5+ 11. Qd2 Qxd2+ 12. Kxd2 f6 13. Bb5 e5 14. Bg3 a6 15. Bxd7 Bxd7 16. Rhc1 Bc6 17. Ke1 Rae8 18. Kf1 Rf7 19. Rc2 e4 20. Nd2 g5 21. h4 h6 22. Bd6 f5 23. g3 Re6 24. Bb8 Re8 25. Bd6 Rd8 26. Be5 Bxe5 27. dxe5 Re8 28. Nb3 Bb5+ 29. Ke1 Rxe5 30. hxg5 hxg5 31. Nd4 Bd3 32. Rc8+ Kh7 33. Rac1 f4 34. R1c7 Ree7 35. Rxe7 Rxe7 36. gxf4 gxf4 37. exf4 Rf7 38. f5 Kh6 39. Rg8 e3 40. fxe3 Bxf5 41. Rg3 Be4 42. Kd2 Rf2+ 43. Kc3 Kh5 44. a4 Kh4 45. Rg1 Rh2 46. a5 Rh3 47. Re1 Rg3 48. Ne6 Rg2 49. b3 Rc2+ 50. Kd4 Rc6 51. Nc5 1-0

[Event "Titled Tuesday intern op 13th Aug Early"]
[Site "Chess.com INT"]
[Date "2024.08.13"]
[Round "1"]
[White "Enkhrii, Enkh Amgalan"]
[Black "Bagwe, Gaurang"]
[Result "0-1"]
[WhiteElo "2072"]
[BlackElo "2248"]
[PlyCount "94"]
[EventDate "2024.08.13"]
[EventType "swiss (blitz)"]
[EventRounds "11"]
[EventCountry "USA"]
[SourceTitle "EXT 2025"]
[Source "ChessBase"]
[SourceDate "2024.10.14"]
[SourceVersion "1"]
[SourceVersionDate "2024.10.14"]
[SourceQuality "1"]

1. e4 e5 2. Nf3 Nc6 3. Bb5 Nf6 4. 0-0 Nxe4 5. d4 Nd6 6. Bxc6 dxc6 7. dxe5 Nf5 8. Qxd8+ Kxd8 9. Nc3 Be7 10. h3 h5 11. Ne4 Ke8 12. Bg5 b6 13. Rad1 Be6 14. Nd4 Nxd4 15. Rxd4 c5 16. Rd2 Rd8 17. Rxd8+ Bxd8 18. Bxd8 Kxd8 19. Ng5 Ke7 20. f4 Rd8 21. Nf3 a5 22. a3 a4 23. Kf2 b5 24. Ke3 b4 25. axb4 cxb4 26. Nd4 Bd7 27. f5 c5 28. Ne2 Bb5 29. f6+ Kf8 30. fxg7+ Kxg7 31. Re1 Bxe2 32. Kxe2 Kg6 33. Ra1 Ra8 34. Kd3 Kf5 35. Kc4 Kxe5 36. Kxc5 Rc8+ 37. Kxb4 Rxc2 38. Kxa4 Rxb2 39. Re1+ Kf5 40. Rf1+ Kg6 41. g3 Rh2 42. h4 f5 43. Kb4 Rc2 44. Kb3 Rc5 45. Rd1 Kf6 46. Rd8 Re5 47. Re8 Rxe8 0-1

[Event "Titled Tuesday intern op 13th Aug Early"]
[Site "Chess.com INT"]
[Date "2024.08.13"]
[Round "4"]
[White "Enkhrii, Enkh Amgalan"]
[Black "Delorme, Axel"]
[Result "0-1"]
[WhiteElo "2072"]
[BlackElo "2468"]
[PlyCount "68"]
[EventDate "2024.08.13"]
[EventType "swiss (blitz)"]
[EventRounds "11"]
[EventCountry "USA"]
[SourceTitle "EXT 2025"]
[Source "ChessBase"]
[SourceDate "2024.10.14"]
[SourceVersion "1"]
[SourceVersionDate "2024.10.14"]
[SourceQuality "1"]

1. e4 c5 2. Nf3 d6 3. d4 cxd4 4. Nxd4 Nf6 5. Nc3 a6 6. Bg5 Nbd7 7. Bc4 Qb6 8. Bb3 e6 9. Qd2 Be7 10. 0-0-0 Nc5 11. Rhe1 h6 12. Bh4 0-0 13. g3 Qc7 14. f4 Re8 15. e5 dxe5 16. fxe5 Nfd7 17. Bxe7 Rxe7 18. Qf4 b5 19. Nf5 Nxb3+ 20. axb3 exf5 21. Nd5 Qd8 22. Nxe7+ Qxe7 23. h4 Nc5 24. Qd4 Be6 25. b4 Ne4 26. Re3 a5 27. bxa5 Rxa5 28. Qd8+ Qxd8 29. Rxd8+ Kh7 30. b3 b4 31. Kb2 Nc3 32. Rb8 Ra2+ 33. Kc1 Ra1+ 34. Kd2 Rd1# 0-1

[Event "Titled Tuesday intern op 13th Aug Early"]
[Site "Chess.com INT"]
[Date "2024.08.13"]
[Round "3"]
[White "Enkhrii, Enkh Amgalan"]
[Black "Tan, Ralph"]
[Result "1-0"]
[WhiteElo "2072"]
[BlackElo "1990"]
[PlyCount "99"]
[EventDate "2024.08.13"]
[EventType "swiss (blitz)"]
[EventRounds "11"]
[EventCountry "USA"]
[SourceTitle "EXT 2025"]
[Source "ChessBase"]
[SourceDate "2024.10.14"]
[SourceVersion "1"]
[SourceVersionDate "2024.10.14"]
[SourceQuality "1"]

1. e4 c6 2. d4 d5 3. Nc3 dxe4 4. Nxe4 Nf6 5. Nxf6+ exf6 6. c3 Bd6 7. Bd3 0-0 8. Qc2 Re8+ 9. Ne2 h5 10. Be3 Nd7 11. 0-0-0 Nf8 12. h3 a5 13. Kb1 a4 14. c4 Qc7 15. Nc3 a3 16. b3 Bf4 17. Rhe1 Bd7 18. d5 Bxe3 19. d6 Qb6 20. fxe3 Rxe3 21. Qf2 Rae8 22. Ne4 Rxe1 23. Qxb6 Rxd1+ 24. Kc2 Ra1 25. Nc3 Bc8 26. Qa5 Rg1 27. Be4 f5 28. Bf3 Ne6 29. Ne2 Ra1 30. Qxa3 Rd8 31. Qa8 g6 32. Kb2 Re1 33. Nc3 Re3 34. b4 Nf4 35. d7 Nd3+ 36. Kb3 Ree8 37. dxe8Q+ Rxe8 38. Qb8 Ne5 39. Qd6 Kh7 40. c5 Be6+ 41. Kc2 Nc4 42. Qc7 Ra8 43. a4 Ra7 44. b5 cxb5 45. axb5 Ra2+ 46. Nxa2 Ne3+ 47. Kb2 Nc4+ 48. Kc3 f4 49. Nb4 Ne3 50. Qxf4 1-0